[Event "14. Torneo Villa de Mondragón 2014"]
[Site "Arrasate ESP"]
[Date "2014.12.26"]
[Round "4.6"]
[White "De Andres Andres, Eugenio"]
[Black "San Jose Madinabeitia, Iban"]
[Result "1-0"]
[WhiteElo "1722"]
[BlackElo "1721"]
[PlyCount "45"]
[EventDate "2014.12.22"]
[EventType "swiss"]
[EventRounds "6"]
[EventCountry "ESP"]
[Source "lmi"]
[SourceDate "2014.12.22"]

1. b3 e5 2. Bb2 Nc6 3. e3 d5 4. Bb5 Bd6 5. f4 Qe7 6. Nf3 Bg4 7. fxe5 Bxe5 8.
Bxe5 Bxf3 9. Qxf3 Qxe5 10. Nc3 Nge7 11. Bxc6+ bxc6 12. O-O O-O 13. Qf5 Ng6 14.
Qxe5 Nxe5 15. Rf4 Ng6 16. Ra4 f5 17. Rf1 Ne7 18. Rff4 g5 19. Rfb4 Nc8 20. Rb7
Rf7 21. Ra6 Kf8 22. Rxc6 Nb6 23. Rcxc7 1-0

[Event "14. Torneo Villa de Mondragón 2014"]
[Site "Arrasate ESP"]
[Date "2014.12.26"]
[Round "4.7"]
[White "Montolio Benedicto, Cesar"]
[Black "Axpe Goikoetxea, Javier"]
[Result "1-0"]
[WhiteElo "1840"]
[BlackElo "1736"]
[PlyCount "43"]
[EventDate "2014.12.22"]
[EventType "swiss"]
[EventRounds "6"]
[EventCountry "ESP"]
[Source "lmi"]
[SourceDate "2014.12.22"]

1. e4 c5 2. c3 g6 3. d4 cxd4 4. cxd4 Bg7 5. Nc3 e6 6. Nf3 Ne7 7. Be2 d5 8. e5
Nbc6 9. O-O O-O 10. Bg5 a6 11. Qd2 Re8 12. Bh6 Bh8 13. Bg5 Qa5 14. Bf6 Nf5 15.
g4 Nce7 16. gxf5 Nxf5 17. Bxh8 Kxh8 18. Bd3 Ne7 19. Qf4 Nf5 20. Bxf5 gxf5 21.
Kh1 Bd7 22. Qh6 1-0

[Event "14. Torneo Villa de Mondragón 2014"]
[Site "Arrasate ESP"]
[Date "2014.12.27"]
[Round "5.1"]
[White "Franco Alonso, Alejandro"]
[Black "Ortega Fuentes, Luis Angel"]
[Result "1-0"]
[WhiteElo "2441"]
[BlackElo "2129"]
[PlyCount "75"]
[EventDate "2014.12.22"]
[EventType "swiss"]
[EventRounds "6"]
[EventCountry "ESP"]
[Source "lmi"]
[SourceDate "2014.12.22"]

1. Nf3 d5 2. c4 c6 3. e3 Nf6 4. Nc3 Nbd7 5. Qc2 e6 6. b3 Be7 7. d4 O-O 8. Bd3
b6 9. O-O Bb7 10. Rd1 h6 11. Bb2 Rc8 12. Rac1 c5 13. cxd5 Nxd5 14. Nxd5 Bxd5
15. e4 Bb7 16. d5 exd5 17. exd5 Qc7 18. Nd4 Bf6 19. Nf5 Qd8 20. Bb5 Bxb2 21.
Qxb2 Nf6 22. Rc3 a6 23. Rg3 g6 24. Nxh6+ Kh7 25. Rh3 Nh5 26. Nf5 Rg8 27. Be2
Qg5 28. Ng3 Bxd5 29. Bxh5 Bxg2 30. Bxg6+ Kxg6 31. Kxg2 Rcd8 32. Qc2+ f5 33.
Rxd8 Rxd8 34. Rh5 Qg4 35. h3 Qf4 36. Qxf5+ Qxf5 37. Rxf5 Rd2 38. Re5 1-0

[Event "14. Torneo Villa de Mondragón 2014"]
[Site "Arrasate ESP"]
[Date "2014.12.27"]
[Round "5.2"]
[White "Etxagibel Larrañaga, Asier"]
[Black "Low, Zhen Yu Cyrus"]
[Result "1/2-1/2"]
[WhiteElo "2164"]
[BlackElo "2028"]
[PlyCount "115"]
[EventDate "2014.12.22"]
[EventType "swiss"]
[EventRounds "6"]
[EventCountry "ESP"]
[Source "lmi"]
[SourceDate "2014.12.22"]

1. d4 Nf6 2. Bg5 d5 3. Bxf6 exf6 4. e3 Bd6 5. Nd2 O-O 6. g3 Nd7 7. Bg2 c6 8.
Ne2 f5 9. O-O Nf6 10. c4 dxc4 11. Nxc4 Bc7 12. Nc3 Be6 13. b3 Qe7 14. Qc2 Rfd8
15. Rfd1 Rac8 16. Nb2 Bd6 17. Nd3 Rc7 18. Rd2 Bc8 19. Rad1 Re8 20. Qb1 Ne4 21.
Rc2 h5 22. b4 h4 23. b5 hxg3 24. hxg3 Nxg3 25. fxg3 Qxe3+ 26. Kf1 Qxg3 27. Ne2
Qg4 28. Nf2 Qh4 29. Ng1 f4 30. Bf3 Qf6 31. Re2 Rxe2 32. Nxe2 Bf5 33. Qb2 cxb5
34. Qxb5 Bd7 35. Qb2 Bc6 36. d5 Ba4 37. Rc1 Bc2 38. Qd4 Qg5 39. Qxa7 Qd8 40.
Qa5 Qe8 41. Qd2 Qa4 42. Kg2 Bf5 43. Rxc7 Bxc7 44. d6 Qd7 45. Bxb7 Qxd6 46. Qxd6
Bxd6 47. Kf3 g5 48. a4 Bc7 49. Nd4 Bd7 50. Bc6 Bxc6+ 51. Nxc6 f5 52. Ne7+ Kf7
53. Nxf5 Ke6 54. Nd4+ Kd5 55. Ne2 Kc5 56. Nh3 Kb4 57. Nxg5 Kxa4 58. Nxf4
1/2-1/2

[Event "14. Torneo Villa de Mondragón 2014"]
[Site "Arrasate ESP"]
[Date "2014.12.27"]
[Round "5.3"]
[White "Tornay Gomez, Josu"]
[Black "Ortega Lopez, Mikel"]
[Result "1/2-1/2"]
[WhiteElo "2091"]
[BlackElo "2008"]
[PlyCount "61"]
[EventDate "2014.12.22"]
[EventType "swiss"]
[EventRounds "6"]
[EventCountry "ESP"]
[Source "lmi"]
[SourceDate "2014.12.22"]

1. e4 c5 2. Nc3 Nc6 3. f4 g6 4. Nf3 Bg7 5. Bc4 e6 6. f5 Nge7 7. fxe6 dxe6 8.
O-O O-O 9. d3 Nd4 10. Nxd4 cxd4 11. Ne2 Nc6 12. Bd2 Qe7 13. Qe1 a5 14. a3 Bd7
15. Qg3 Rac8 16. Bf4 e5 17. Bg5 Qc5 18. Qh4 b5 19. b4 axb4 20. axb4 Qb6 21. Bb3
Be6 22. Rf3 Qc7 23. Raf1 Bxb3 24. cxb3 f6 25. Bxf6 Bxf6 26. Rxf6 Nxb4 27. Qh3
Qe7 28. Rxf8+ Rxf8 29. Rxf8+ Kxf8 30. Qh6+ Kg8 31. Qd2 1/2-1/2

[Event "14. Torneo Villa de Mondragón 2014"]
[Site "Arrasate ESP"]
[Date "2014.12.27"]
[Round "5.4"]
[White "Janse, Alexander"]
[Black "Izagirre Alsua, Aritz"]
[Result "1-0"]
[WhiteElo "1929"]
[BlackElo "1894"]
[PlyCount "78"]
[EventDate "2014.12.22"]
[EventType "swiss"]
[EventRounds "6"]
[EventCountry "ESP"]
[Source "lmi"]
[SourceDate "2014.12.22"]

1. e4 c5 2. Nf3 d6 3. d4 cxd4 4. Nxd4 Nf6 5. Nc3 a6 6. Bg5 e5 7. Nf5 Bxf5 8.
exf5 Be7 9. Bxf6 Bxf6 10. Qd3 Nc6 11. O-O-O Nd4 12. Qe4 O-O 13. Nd5 Rc8 14. Bd3
b5 15. g4 a5 16. h4 g6 17. fxg6 fxg6 18. h5 Qe8 19. hxg6 hxg6 20. Nxf6+ Rxf6
21. g5 Rf4 22. Qb7 Rf7 23. Qg2 Qc6 24. Qh2 Rg7 25. Bxg6 Rxg6 26. Qh7+ Kf8 27.
Qxg6 Qxc2+ 28. Qxc2 Rxc2+ 29. Kb1 Rxf2 30. Rhf1 Rxf1 31. Rxf1+ Kg7 32. Rf6 e4
33. Rxd6 Nf3 34. Kc1 Nxg5 35. Rd5 Nf3 36. Rd7+ Kf6 37. Kd1 Ne5 38. Ra7 Ke6 39.
Rxa5 Kd6 1-0

[Event "14. Torneo Villa de Mondragón 2014"]
[Site "Arrasate ESP"]
[Date "2014.12.27"]
[Round "5.5"]
[White "Mendizabal Guridi, Ekaitz"]
[Black "Montolio Benedicto, Cesar"]
[Result "1/2-1/2"]
[WhiteElo "1781"]
[BlackElo "1840"]
[PlyCount "50"]
[EventDate "2014.12.22"]
[EventType "swiss"]
[EventRounds "6"]
[EventCountry "ESP"]
[Source "lmi"]
[SourceDate "2014.12.22"]

1. e4 e5 2. Nf3 Nc6 3. Bb5 a6 4. Ba4 Nf6 5. O-O Nxe4 6. Re1 Nc5 7. Bxc6 dxc6 8.
d4 Ne6 9. Nxe5 Be7 10. Qf3 O-O 11. c3 f6 12. Nd3 Bd6 13. Be3 Re8 14. Nd2 Nf8
15. Ne4 Be6 16. Nxd6 cxd6 17. b3 Bf7 18. Re2 Bg6 19. Nf4 Be4 20. Qg3 Ng6 21.
Bd2 Nxf4 22. Qxf4 d5 23. f3 Bg6 24. Rxe8+ Qxe8 25. Re1 Qd7 1/2-1/2

[Event "14. Torneo Villa de Mondragón 2014"]
[Site "Arrasate ESP"]
[Date "2014.12.27"]
[Round "5.6"]
[White "Hernando Casas, Jose Manuel"]
[Black "De Andres Andres, Eugenio"]
[Result "1-0"]
[WhiteElo "2013"]
[BlackElo "1722"]
[PlyCount "21"]
[EventDate "2014.12.22"]
[EventType "swiss"]
[EventRounds "6"]
[EventCountry "ESP"]
[Source "lmi"]
[SourceDate "2014.12.22"]

1. e4 d6 2. d4 e5 3. Nf3 Nd7 4. Bc4 Be7 5. dxe5 Nxe5 6. Nxe5 dxe5 7. Qh5 g6 8.
Qxe5 Nf6 9. Bh6 Rg8 10. Qb5+ c6 11. Qb3 1-0

[Event "14. Torneo Villa de Mondragón 2014"]
[Site "Arrasate ESP"]
[Date "2014.12.27"]
[Round "6.1"]
[White "Janse, Alexander"]
[Black "Franco Alonso, Alejandro"]
[Result "1/2-1/2"]
[WhiteElo "1929"]
[BlackElo "2441"]
[PlyCount "89"]
[EventDate "2014.12.22"]
[EventType "swiss"]
[EventRounds "6"]
[EventCountry "ESP"]
[Source "lmi"]
[SourceDate "2014.12.22"]

1. e4 c5 2. Nf3 e6 3. d4 cxd4 4. Nxd4 Nf6 5. Nc3 d6 6. Be3 a6 7. Be2 Qc7 8. a4
b6 9. O-O Bb7 10. f3 Nbd7 11. Kh1 Be7 12. Qe1 O-O 13. Rd1 Rac8 14. Qg3 Kh8 15.
Bd3 Nc5 16. Bg5 Rfe8 17. Qh3 Nxd3 18. cxd3 d5 19. Rc1 Qd6 20. Nc2 Red8 21. Bxf6
Bxf6 22. d4 Qf4 23. e5 Bg5 24. Rfd1 Qh4 25. Qxh4 Bxh4 26. Ne3 Be7 27. Re1 Bc6
28. Rc2 Be8 29. f4 Rc7 30. Rec1 Rdc8 31. b3 Ba3 32. Ncxd5 Bxc1 33. Rxc7 Rxc7
34. Nxc7 Bxa4 35. bxa4 Bxe3 36. Nxa6 Bxd4 37. g3 Kg8 38. Kg2 Kf8 39. Nb4 Ke8
40. Kf3 Kd7 41. Ke4 Bg1 42. h3 Bf2 43. g4 Be1 44. Nc2 Bf2 45. Nd4 1/2-1/2

[Event "14. Torneo Villa de Mondragón 2014"]
[Site "Arrasate ESP"]
[Date "2014.12.27"]
[Round "6.2"]
[White "Ortega Lopez, Mikel"]
[Black "Etxagibel Larrañaga, Asier"]
[Result "1/2-1/2"]
[WhiteElo "2008"]
[BlackElo "2164"]
[PlyCount "28"]
[EventDate "2014.12.22"]
[EventType "swiss"]
[EventRounds "6"]
[EventCountry "ESP"]
[Source "lmi"]
[SourceDate "2014.12.22"]

1. e4 c5 2. Nf3 Nc6 3. d4 cxd4 4. Nxd4 e5 5. Nb5 a6 6. N5c3 Nf6 7. Bg5 Be7 8.
Bxf6 Bxf6 9. Bd3 O-O 10. O-O d6 11. Nd5 Be6 12. Nbc3 Bg5 13. Re1 Kh8 14. Ne3
Ne7 1/2-1/2

[Event "14. Torneo Villa de Mondragón 2014"]
[Site "Arrasate ESP"]
[Date "2014.12.27"]
[Round "6.3"]
[White "Low, Zhen Yu Cyrus"]
[Black "Tornay Gomez, Josu"]
[Result "1-0"]
[WhiteElo "2028"]
[BlackElo "2091"]
[PlyCount "119"]
[EventDate "2014.12.22"]
[EventType "swiss"]
[EventRounds "6"]
[EventCountry "ESP"]
[Source "lmi"]
[SourceDate "2014.12.22"]

1. e4 c5 2. Nf3 Nc6 3. d4 cxd4 4. Nxd4 e5 5. Nb5 a6 6. Nd6+ Bxd6 7. Qxd6 Qf6 8.
Qd1 Qg6 9. Nc3 d5 10. Nxd5 Qxe4+ 11. Be3 Nd4 12. Nc7+ Ke7 13. Qd3 Qxd3 14. Bxd3
Rb8 15. c3 Ne6 16. Ba7 Nxc7 17. Bxb8 Nd5 18. Bxe5 f6 19. Bd4 Nh6 20. O-O-O b5
21. Bc5+ Kf7 22. Bxb5 axb5 23. Rxd5 Be6 24. Rd6 Bxa2 25. Re1 Rc8 26. Rd7+ Kg6
27. Bb4 Bc4 28. Kc2 Rc6 29. Rd6 Rc7 30. b3 Bf7 31. Rb6 Ra7 32. Kb2 Rd7 33. Re2
Rd5 34. Rd6 Rg5 35. f4 Rg4 36. g3 Nf5 37. Rb6 h5 38. Bc5 h4 39. Bf2 hxg3 40.
hxg3 Nxg3 41. Bxg3 Rxg3 42. Rxb5 Rf3 43. Rg2+ Kh7 44. f5 g5 45. fxg6+ Bxg6 46.
Rh2+ Kg7 47. Rb7+ Bf7 48. Rd2 Kf8 49. Rd8+ Be8 50. Rh7 Re3 51. Rh8+ Kf7 52.
Rdxe8 Rxe8 53. Rxe8 Kxe8 54. Kc2 Kd7 55. Kd3 Kd6 56. Kd4 Ke6 57. b4 f5 58. Kc5
Kf6 59. b5 Ke6 60. c4 1-0

[Event "14. Torneo Villa de Mondragón 2014"]
[Site "Arrasate ESP"]
[Date "2014.12.27"]
[Round "6.4"]
[White "Ortega Fuentes, Luis Angel"]
[Black "Janse, Sebastaan"]
[Result "1/2-1/2"]
[WhiteElo "2129"]
[BlackElo "1648"]
[PlyCount "80"]
[EventDate "2014.12.22"]
[EventType "swiss"]
[EventRounds "6"]
[EventCountry "ESP"]
[Source "lmi"]
[SourceDate "2014.12.22"]

1. d4 d5 2. Nf3 e6 3. e3 Nf6 4. c4 c6 5. Bd3 Nbd7 6. b3 Be7 7. O-O O-O 8. Bb2
Re8 9. Nbd2 b6 10. Ne5 Nxe5 11. dxe5 Nd7 12. f4 Bc5 13. Qe2 g6 14. Rf3 Bf8 15.
Rh3 Bg7 16. Nf3 Bb7 17. Rd1 Qe7 18. g4 Rad8 19. g5 Nf8 20. Nd4 Qd7 21. Kf2 a5
22. Rg3 Ra8 23. e4 Ba6 24. Rgg1 Rad8 25. cxd5 Bxd3 26. dxc6 Bxe2 27. cxd7 Bxd1
28. dxe8=Q Rxe8 29. Rxd1 Rd8 30. Rc1 Nd7 31. Rc7 Nc5 32. Rc6 Nd3+ 33. Ke2 Nxb2
34. Rc2 Bf8 35. Rxb2 Ba3 36. Rc2 Bc5 37. Nc6 Rd7 38. Nxa5 Be3 39. Kxe3 bxa5 40.
Rc8+ Kg7 1/2-1/2

[Event "14. Torneo Villa de Mondragón 2014"]
[Site "Arrasate ESP"]
[Date "2014.12.27"]
[Round "6.5"]
[White "Montolio Benedicto, Cesar"]
[Black "Hernando Casas, Jose Manuel"]
[Result "1/2-1/2"]
[WhiteElo "1840"]
[BlackElo "2013"]
[PlyCount "57"]
[EventDate "2014.12.22"]
[EventType "swiss"]
[EventRounds "6"]
[EventCountry "ESP"]
[Source "lmi"]
[SourceDate "2014.12.22"]

1. e4 e6 2. d3 d5 3. Nd2 c5 4. Ngf3 Nc6 5. g3 g6 6. Bg2 Bg7 7. O-O Nge7 8. Re1
O-O 9. Nf1 b6 10. e5 Qc7 11. Bf4 Bb7 12. h4 Nf5 13. c3 b5 14. Rc1 a5 15. d4
cxd4 16. cxd4 Qb6 17. Be3 Rfc8 18. Qd2 Bf8 19. Red1 Ba6 20. Bg5 Nb4 21. a3 Nc6
22. Ne3 Nxe3 23. Qxe3 Ne7 24. Bh6 Nc6 25. Bh3 Be7 26. Bf1 Bf8 27. Bh3 Be7 28.
Bg5 Bf8 29. Bh6 1/2-1/2

[Event "14. Torneo Villa de Mondragón 2014"]
[Site "Arrasate ESP"]
[Date "2014.12.27"]
[Round "6.6"]
[White "Izagirre Alsua, Aritz"]
[Black "Mendizabal Guridi, Ekaitz"]
[Result "1-0"]
[WhiteElo "1894"]
[BlackElo "1781"]
[PlyCount "49"]
[EventDate "2014.12.22"]
[EventType "swiss"]
[EventRounds "6"]
[EventCountry "ESP"]
[Source "lmi"]
[SourceDate "2014.12.22"]

1. e4 c5 2. Nf3 e6 3. Bc4 Ne7 4. d3 a6 5. e5 b5 6. Bb3 Bb7 7. Nc3 Ng6 8. a4 b4
9. Ne4 Bxe4 10. dxe4 Nc6 11. O-O Ngxe5 12. Nxe5 Nxe5 13. f4 Nc6 14. c3 Be7 15.
Qh5 g6 16. Qh6 Bf8 17. Qh3 Bg7 18. f5 O-O 19. Bh6 f6 20. fxe6 Qe7 21. exd7+ Kh8
22. Bxg7+ Kxg7 23. Bd5 Qd6 24. Rad1 Rad8 25. Bg8 1-0

[Event "14. Torneo Villa de Mondragón 2014"]
[Site "Arrasate ESP"]
[Date "2014.12.27"]
[Round "6.8"]
[White "San Jose Madinabeitia, Iban"]
[Black "Axpe Goikoetxea, Javier"]
[Result "0-1"]
[WhiteElo "1721"]
[BlackElo "1736"]
[PlyCount "40"]
[EventDate "2014.12.22"]
[EventType "swiss"]
[EventRounds "6"]
[EventCountry "ESP"]
[Source "lmi"]
[SourceDate "2014.12.22"]

1. Nf3 d5 2. d4 Bg4 3. e3 Nf6 4. c4 e6 5. Nc3 c6 6. Be2 Be7 7. h3 Bh5 8. O-O
Nbd7 9. c5 Qc7 10. e4 e5 11. a4 exd4 12. Nxd4 Bxe2 13. Qxe2 Nf8 14. b4 Ne6 15.
f3 Nh5 16. Rf2 Bh4 17. exd5 Bxf2+ 18. Qxf2 Qd7 19. dxe6 fxe6 20. Be3 Nf6 0-1